01574nam a2200301 a 450000500170000000800410001702000150005804000350007304100080010804400070011608200180012311000540014124501570019524600580035226000710041030000840048161000640056565000520062965000750068165000630075670000410081970000430086070000380090394200150094199900150095695201500097195201510112120191224041816.0100309s2006 ck a gr 00010 spa d a9587101340 aCO-BoBLA cCO-BoBLAdCO-BoIAVH0 aspa ack04a333.72 bC17a2 aCorporación Autónoma Regional de Cundinamarca10a45 años de compromiso con la región / cCorporación Autónoma Regional de Cundinamarca ; fotografías Juan Carlos Sandoval, Mauricio Valderrama.13aCuarenta y cinco años de compromiso con la región3 aBogotá (Colombia) : bPanamericana Formas e Impresiones, c2006. a222 páginas : bilustraciones a color y fotografías a color ; c35 x 24 cm.24aCorporación Autónoma Regional de CundinamarcaxHistoria26aProtección ambientalzCundinamarca (Colombia)26aConservación de la fauna y flora silvestreszCundinamarca (Colombia)26aRecursos naturaleszCundinamarca (Colombia)vFotografías1 aSandoval, Juan Carlosefotografías1 aValderrama B., Mauricioefotografías1 aCastañeda Bernal, Jorgeeeditor 2ddccLIBRO c5806d5806 00102ddc40708GENERALIINV2017aBogotabBogotad2007-09-12l0oLB-333.72 C17ap025193r2012-12-04 00:00:00tEj. 1w2012-12-04xDonacionyLIBRO 00102ddc40708GENERALIINV2017aBogotabBogotad2017-10-02l0oLB-333.72 C17ap025201r2017-10-02 00:00:00tEj. 2w2017-10-02xDonacionyLIBRO